[Event "Sachsen-Anhalt-ch op"]
[Site "Magdeburg"]
[Date "2022.10.31"]
[Round "6"]
[White "Hessler, Martin"]
[Black "Bernhardt, Eduard"]
[Result "0-1"]
[WhiteElo "1326"]
[BlackElo "1524"]
[PlyCount "72"]
[EventDate "2022.10.29"]
[EventType "swiss"]
[EventRounds "7"]
[EventCountry "GER"]
[SourceTitle "CBM 211 Extra"]
[Source "ChessBase"]
[SourceDate "2023.01.31"]
[SourceVersion "1"]
[SourceVersionDate "2023.01.31"]
[SourceQuality "1"]

1. e4 e5 2. Nf3 Nc6 3. Bc4 Bc5 4. c3 d6 5. d4 exd4 6. cxd4 Bb6 7. Qb3 Qe7 8. Nbd2 Bd7 9. Qc3 0-0-0 10. d5 Ne5 11. Nxe5 dxe5 12. 0-0 f6 13. Nf3 g5 14. Rd1 Kb8 15. Qd3 Bc8 16. Bd2 h5 17. Kf1 h4 18. Ng1 Nh6 19. Ke1 Ng4 20. Be3 Ba5+ 21. Bd2 Qc5 22. Nh3 Bb6 23. b4 Qe7 24. Ke2 Nxh2 25. f3 g4 26. Nf2 Rhg8 27. Rh1 gxf3+ 28. gxf3 Rg2 29. Be1 Qg7 30. Qd1 Nxf3 31. Kd3 Nxe1+ 32. Rxe1 Bxf2 33. Rh1 Bd4 34. Bb3 Qg3+ 35. Kc4 Bd7 36. Rc1 b5# 0-1